[Event "FIDE Women World Blitz 2021"]
[Site "Warsaw"]
[Date "2021.12.30"]
[Round "17.20"]
[White "Maltsevskaya, Aleksandra"]
[Black "Paramzina, Anastasya"]
[Result "1-0"]
[WhiteElo "2411"]
[BlackElo "2260"]
[Annotator "NA"]
[PlyCount "57"]
[EventDate "2021.12.29"]
[EventType "swiss"]
[EventCountry "POL"]
[Tiebreak "Cut1 Buchholz"]
[SourceTitle "playchess.com"]
[Source "ChessBase"]
[SourceQuality "1"]

1. e4 c5 2. Nf3 d6 3. d4 cxd4 4. Nxd4 Nf6 5. Nc3 a6 6. g3 e5 7. Nb3 Be7 8. Bg2
O-O 9. O-O Qc7 10. h3 Be6 11. a4 Rc8 12. Re1 Nbd7 13. Nd2 Nb6 14. Nf1 Nc4 15.
Ne3 Nxe3 16. Bxe3 Qc6 17. Qd2 b5 18. axb5 axb5 19. Rxa8 Rxa8 20. Nd5 Bxd5 21.
exd5 Qb7 22. Qd3 Rc8 23. Ra1 Nd7 24. Ra7 Qb8 25. Rxd7 Bf6 26. g4 h6 27. Qf5 Rc4
28. Be4 Kf8 29. Qh7 1-0

[Event "FIDE Women World Blitz 2021"]
[Site "Warsaw"]
[Date "2021.12.30"]
[Round "17.21"]
[White "Pavlidou, Ekaterini"]
[Black "Batsiashvili, Nino"]
[Result "1/2-1/2"]
[WhiteElo "2177"]
[BlackElo "2491"]
[Annotator "ChessBase"]
[PlyCount "88"]
[EventDate "2021.12.29"]
[EventType "swiss"]
[EventCountry "POL"]
[Tiebreak "Cut1 Buchholz"]
[SourceTitle "playchess.com"]
[Source "ChessBase"]
[SourceQuality "1"]

1. d4 d5 2. c4 e6 3. Nc3 c5 4. cxd5 exd5 5. Nf3 Nf6 6. g3 Nc6 7. Bg2 cxd4 8.
Nxd4 Bc5 9. Be3 Qb6 10. Nxc6 Bxe3 11. fxe3 bxc6 12. Qd4 Qxb2 13. O-O O-O 14.
Nxd5 Qxd4 15. Ne7+ Kh8 16. exd4 Ba6 17. Bxc6 Rad8 18. Rfd1 Bxe2 19. Rd2 Bg4 20.
Rb1 h5 21. Rb7 Rd6 22. Rxa7 Rfd8 23. Ra8 Rxa8 24. Bxa8 Re6 25. Nd5 Ne4 26. Rb2
Ng5 27. Nf4 Re1+ 28. Kf2 Rd1 29. h4 Ne6 30. d5 Nc5 31. Ke3 Rg1 32. Kd4 Nd7 33.
Rb3 Bf5 34. Ne2 Rd1+ 35. Kc4 Ne5+ 36. Kc5 Rd2 37. Nd4 Nd7+ 38. Kc4 Ne5+ 39. Kc5
Nd7+ 40. Kc4 Ne5+ 41. Kc5 Nd7+ 42. Kc4 Ne5+ 43. Kc5 Nd7+ 44. Kc4 Ne5+ 1/2-1/2

[Event "FIDE Women World Blitz 2021"]
[Site "Warsaw"]
[Date "2021.12.30"]
[Round "17.22"]
[White "Padmini, Rout"]
[Black "Vantika Agrawal"]
[Result "0-1"]
[WhiteElo "2353"]
[BlackElo "2329"]
[Annotator "NA"]
[PlyCount "122"]
[EventDate "2021.12.29"]
[EventType "swiss"]
[EventCountry "POL"]
[Tiebreak "Cut1 Buchholz"]
[SourceTitle "playchess.com"]
[Source "ChessBase"]
[SourceQuality "1"]

1. e4 c5 2. Nf3 d6 3. d4 cxd4 4. Nxd4 Nf6 5. Nc3 a6 6. Be2 e5 7. Nb3 Be7 8. Qd3
Be6 9. Nd5 Nbd7 10. Bd2 Bxd5 11. exd5 a5 12. a4 O-O 13. O-O Ne8 14. Bg4 b6 15.
Be3 Rb8 16. f4 exf4 17. Bxf4 Bf6 18. c3 Ne5 19. Qe2 Nc7 20. Rfd1 Re8 21. Bf5 g6
22. Bc2 Qd7 23. Qf1 Bg7 24. h3 Qe7 25. Kh1 h5 26. Rab1 Qd7 27. Ra1 Qc8 28. Bh2
Na6 29. Nd4 Nc5 30. Nb5 Qd7 31. Re1 Rbc8 32. Rad1 Nb7 33. Bb3 Nc5 34. Bc2 Rcd8
35. Rd4 f5 36. Rdd1 Nf7 37. b4 Nb7 38. Bb3 Kh7 39. Re6 Ng5 40. Rxe8 Rxe8 41.
Qf2 axb4 42. cxb4 Qd8 43. Qc2 Ne4 44. Kg1 Qf6 45. Qc6 Re7 46. Bc2 Qb2 47. Bxe4
Rxe4 48. Nxd6 Nxd6 49. Qxd6 Re2 50. Qg3 f4 51. Qf3 Bd4+ 52. Kh1 Qc2 53. Qf1 Rf2
54. Qg1 Be3 55. d6 Rd2 56. Rxd2 Qxd2 57. Qb1 Qxd6 58. a5 bxa5 59. bxa5 Qa6 60.
Qa2 Qf1+ 61. Bg1 Qxg1# 0-1

[Event "FIDE Women World Blitz 2021"]
[Site "Warsaw"]
[Date "2021.12.30"]
[Round "17.23"]
[White "Atalik, Ekaterina"]
[Black "Efimenko, Maria"]
[Result "0-1"]
[WhiteElo "2430"]
[BlackElo "2207"]
[Annotator "NA"]
[PlyCount "76"]
[EventDate "2021.12.29"]
[EventType "swiss"]
[EventCountry "POL"]
[Tiebreak "Cut1 Buchholz"]
[SourceTitle "playchess.com"]
[Source "ChessBase"]
[SourceQuality "1"]

1. d4 d6 2. Nf3 g6 3. Nc3 Bg7 4. e4 Nf6 5. Be2 Bg4 6. O-O O-O 7. h3 Bxf3 8.
Bxf3 e5 9. dxe5 dxe5 10. Be3 c6 11. Qxd8 Rxd8 12. Rfd1 Nbd7 13. Be2 Bf8 14. Bc4
Bc5 15. Bxc5 Nxc5 16. f3 b5 17. Be2 a5 18. Rxd8+ Rxd8 19. Rd1 Rxd1+ 20. Nxd1
Nh5 21. Kf2 Nf4 22. Bf1 Kf8 23. Ke3 Ke7 24. c3 h5 25. b4 axb4 26. cxb4 Na4 27.
g3 Ne6 28. f4 f6 29. Bd3 Kd6 30. a3 Nd4 31. h4 c5 32. bxc5+ Kxc5 33. fxe5 fxe5
34. Nf2 Nb2 35. g4 Ne6 36. gxh5 gxh5 37. Be2 Nf4 38. Bf3 Nc4# 0-1

[Event "FIDE Women World Blitz 2021"]
[Site "Warsaw"]
[Date "2021.12.30"]
[Round "17.24"]
[White "Loskutova, Viktoriya"]
[Black "Balajayeva, Khanim"]
[Result "0-1"]
[WhiteElo "2195"]
[BlackElo "2369"]
[Annotator "NA"]
[PlyCount "108"]
[EventDate "2021.12.29"]
[EventType "swiss"]
[EventCountry "POL"]
[Tiebreak "Cut1 Buchholz"]
[SourceTitle "playchess.com"]
[Source "ChessBase"]
[SourceQuality "1"]

1. e4 e5 2. Nf3 Nc6 3. Bb5 a6 4. Ba4 Nf6 5. O-O Be7 6. Re1 b5 7. Bb3 O-O 8. c3
d6 9. h3 Bb7 10. d4 Re8 11. a3 Nd7 12. Bc2 exd4 13. cxd4 Na5 14. Nc3 c5 15. d5
Nc4 16. Rb1 Bf6 17. Ne2 a5 18. Bd3 Ba6 19. Qc2 Nce5 20. Nxe5 Nxe5 21. Ng3 c4
22. Bf1 b4 23. Be3 Nd3 24. Bxd3 cxd3 25. Qd2 bxa3 26. bxa3 Rc8 27. Rec1 a4 28.
f3 Rxc1+ 29. Rxc1 Qb8 30. Rc6 Bb7 31. Rb6 Qc7 32. Nf5 Be5 33. Rb1 g6 34. Nd4
Ba6 35. Nc6 Bg7 36. Rb6 Ra8 37. Nb4 Bc4 38. Nxd3 Bxd3 39. Qxd3 Rc8 40. Rc6 Qb7
41. Rxc8+ Qxc8 42. Qb5 Be5 43. Qxa4 Qc3 44. Qa8+ Kg7 45. Kf2 Qc2+ 46. Kf1 Qd1+
47. Kf2 Qc2+ 48. Kf1 Bg3 49. Bd4+ f6 50. Qb7+ Kh6 51. Be3+ g5 52. Qb4 Qd3+ 53.
Kg1 Qxe3+ 54. Kh1 Qc1+ 0-1

[Event "FIDE Women World Blitz 2021"]
[Site "Warsaw"]
[Date "2021.12.30"]
[Round "17.25"]
[White "Maisuradze, Nino"]
[Black "Mammadova, Gulnar"]
[Result "0-1"]
[WhiteElo "2175"]
[BlackElo "2395"]
[Annotator "NA"]
[PlyCount "81"]
[EventDate "2021.12.29"]
[EventType "swiss"]
[EventCountry "POL"]
[Tiebreak "Cut1 Buchholz"]
[SourceTitle "playchess.com"]
[Source "ChessBase"]
[SourceQuality "1"]

1. d4 g6 2. c4 Bg7 3. e4 d6 4. Nc3 e5 5. Be3 Ne7 6. Nf3 Bg4 7. Be2 O-O 8. Qd2
Bxf3 9. Bxf3 Nbc6 10. d5 Nd4 11. Bxd4 exd4 12. Ne2 c5 13. dxc6 Nxc6 14. O-O Rc8
15. Rac1 Qf6 16. Bg4 Rce8 17. f3 Ne5 18. Bh3 Nc6 19. Rcd1 Re7 20. Nf4 Re5 21.
Nd5 Qd8 22. b4 Rh5 23. Bg4 Bh6 24. Qb2 Rxd5 25. cxd5 Be3+ 26. Kh1 Ne5 27. Bh3
Qb6 28. f4 Nc4 29. Qe2 Qxb4 30. Rb1 Qa4 31. Rxb7 Nd2 32. Re1 Nxe4 33. Rf1 Nc3
34. Qd3 Qxa2 35. f5 Qxd5 36. Rd7 Ne4 37. fxg6 hxg6 38. Qe2 Qh5 39. Qc2 Qe5 40.
Bg4 Nf6 41. Rxf6 0-1

[Event "FIDE Women World Blitz 2021"]
[Site "Warsaw"]
[Date "2021.12.30"]
[Round "17.26"]
[White "Dworakowska, Joanna"]
[Black "Semenova, Elena"]
[Result "0-1"]
[WhiteElo "2228"]
[BlackElo "2233"]
[Annotator "NA"]
[PlyCount "116"]
[EventDate "2021.12.29"]
[EventType "swiss"]
[EventCountry "POL"]
[Tiebreak "Cut1 Buchholz"]
[SourceTitle "playchess.com"]
[Source "ChessBase"]
[SourceQuality "1"]

1. e4 e5 2. Nf3 Nf6 3. Nc3 Nc6 4. Bc4 Nxe4 5. Bxf7+ Kxf7 6. Nxe4 d5 7. Neg5+
Kg8 8. d4 e4 9. Ng1 h6 10. N5h3 Bd6 11. Qh5 Be6 12. c3 Qf6 13. Ne2 Bf7 14. Qg4
Be6 15. Qh5 g6 16. Bg5 hxg5 17. Qxg5 Qxg5 18. Nxg5 Bd7 19. h4 Be7 20. f4 exf3
21. Nxf3 Bg4 22. Nf4 Bxf3 23. gxf3 Rxh4 24. Rxh4 Bxh4+ 25. Ke2 Re8+ 26. Kd3 Ne7
27. Rh1 Bf6 28. b4 c6 29. a4 Kg7 30. Ne6+ Kf7 31. Nc5 b6 32. Nd7 Rh8 33. Re1
Rh3 34. Re3 Nf5 35. Re2 Rxf3+ 36. Kd2 g5 37. Nb8 Ne7 38. Rg2 Kg6 39. b5 c5 40.
dxc5 Bxc3+ 41. Ke2 Rf8 42. Nd7 Re8 43. c6 Nxc6+ 44. Kd3 Ne5+ 45. Kxc3 Nxd7 46.
Kd4 Nf6 47. a5 Re4+ 48. Kd3 bxa5 49. Rc2 Rb4 50. Rc7 Rxb5 51. Rxa7 g4 52. Ke3
Kf5 53. Rf7 Rb3+ 54. Kf2 a4 55. Kg2 a3 56. Ra7 Rb2+ 57. Kg3 Ne4+ 58. Kh4 Rh2#
0-1

[Event "FIDE Women World Blitz 2021"]
[Site "Warsaw"]
[Date "2021.12.30"]
[Round "17.27"]
[White "Badelka, Olga"]
[Black "Sandu, Mihaela"]
[Result "1-0"]
[WhiteElo "2188"]
[BlackElo "2244"]
[Annotator "NA"]
[PlyCount "65"]
[EventDate "2021.12.29"]
[EventType "swiss"]
[EventCountry "POL"]
[Tiebreak "Cut1 Buchholz"]
[SourceTitle "playchess.com"]
[Source "ChessBase"]
[SourceQuality "1"]

1. c4 c5 2. Nf3 Nc6 3. Nc3 g6 4. g3 Bg7 5. Bg2 e5 6. O-O Nge7 7. d3 O-O 8. Ne1
d6 9. Nc2 Be6 10. Nd5 f5 11. Rb1 Qd7 12. a3 Rac8 13. b4 b6 14. Bg5 h6 15. Bxe7
Nxe7 16. Nxe7+ Qxe7 17. Ne3 f4 18. Nd5 Qf7 19. bxc5 dxc5 20. a4 Rb8 21. a5 bxa5
22. Rxb8 Rxb8 23. Qa4 e4 24. Bxe4 fxg3 25. fxg3 Qd7 26. Qxd7 Bxd7 27. Ne7+ Kh7
28. Nxg6 Bd4+ 29. Kg2 Kg7 30. Nf4 a4 31. Nh5+ Kh8 32. Rf7 Be8 33. Rf8# 1-0

[Event "FIDE Women World Blitz 2021"]
[Site "Warsaw"]
[Date "2021.12.30"]
[Round "17.28"]
[White "Ovod, Evgenija"]
[Black "Nomin-Erdene, Davaademberel"]
[Result "1/2-1/2"]
[WhiteElo "2366"]
[BlackElo "2188"]
[Annotator "NA"]
[PlyCount "112"]
[EventDate "2021.12.29"]
[EventType "swiss"]
[EventCountry "POL"]
[Tiebreak "Cut1 Buchholz"]
[SourceTitle "playchess.com"]
[Source "ChessBase"]
[SourceQuality "1"]

1. e4 c6 2. Nf3 d5 3. d3 Nd7 4. g3 Qc7 5. Bg2 dxe4 6. dxe4 e5 7. O-O Ngf6 8.
Nbd2 Bc5 9. a4 a5 10. c3 O-O 11. Qc2 b6 12. Re1 Ng4 13. Re2 Ba6 14. c4 Rfd8 15.
Nb3 Be7 16. h3 Ngf6 17. Be3 Nf8 18. Rd2 Ne6 19. Rad1 Bb4 20. Rxd8+ Rxd8 21.
Rxd8+ Nxd8 22. Qd3 Ne6 23. Ng5 Nxg5 24. Bxg5 Nd7 25. Be3 h6 26. h4 Nf8 27. Bh3
c5 28. Nc1 Bb7 29. f3 Bc6 30. b3 Ne6 31. Bxe6 fxe6 32. Kf2 Be8 33. Na2 Ba3 34.
Nc3 Bb2 35. Nb5 Qe7 36. Qd6 Kf7 37. Qxe7+ Kxe7 38. g4 Bc6 39. Ke2 Be8 40. h5
Kd7 41. Bf2 g6 42. hxg6 Bxg6 43. Be3 h5 44. gxh5 Bxh5 45. Bg5 Be8 46. Bf6 Kc6
47. f4 Bh5+ 48. Kd2 Bf3 49. Bxe5 Bxe5 50. fxe5 Bxe4 51. Nd6 Bg6 52. Kc3 Kd7 53.
Kd2 Kc6 54. Kc3 Kd7 55. Kd2 Kc6 56. Kc3 Kd7 1/2-1/2

[Event "FIDE Women World Blitz 2021"]
[Site "Warsaw"]
[Date "2021.12.30"]
[Round "17.29"]
[White "Hryzlova, Sofiia"]
[Black "Fernandez, Maria Florencia"]
[Result "0-1"]
[WhiteElo "2097"]
[BlackElo "2184"]
[Annotator "NA"]
[PlyCount "84"]
[EventDate "2021.12.29"]
[EventType "swiss"]
[EventCountry "POL"]
[Tiebreak "Cut1 Buchholz"]
[SourceTitle "playchess.com"]
[Source "ChessBase"]
[SourceQuality "1"]

1. d4 Nf6 2. c4 g6 3. Nc3 Bg7 4. e4 d6 5. h3 O-O 6. Be3 e5 7. d5 c6 8. g4 cxd5
9. cxd5 Nbd7 10. Nge2 Nc5 11. Ng3 a5 12. Qd2 Bd7 13. f3 Rb8 14. h4 b5 15. h5 b4
16. Nd1 b3 17. a3 Bxg4 18. fxg4 Nxg4 19. Bxc5 dxc5 20. Ne3 Bh6 21. hxg6 Bxe3
22. gxh7+ Kh8 23. Qe2 Qg5 24. Rh5 Qf4 25. Nf5 Qxe4 26. Bg2 Bf2+ 27. Kf1 Qxe2+
28. Kxe2 Bd4 29. Rb1 Rb6 30. d6 Rd8 31. Bf3 Nf6 32. Rh6 Ne8 33. d7 Rxh6 34.
dxe8=Q+ Rxe8 35. Nxh6 Kxh7 36. Nxf7 Kg6 37. Nd6 Rh8 38. Nc4 a4 39. Bc6 Rh2+ 40.
Kd3 Kf5 41. Bd7+ Kf4 42. Bxa4 e4# 0-1

[Event "FIDE Women World Blitz 2021"]
[Site "Warsaw"]
[Date "2021.12.30"]
[Round "17.30"]
[White "Zhukova, Natalia"]
[Black "Gaboyan, Susanna"]
[Result "1-0"]
[WhiteElo "2331"]
[BlackElo "2253"]
[Annotator "NA"]
[PlyCount "74"]
[EventDate "2021.12.29"]
[EventType "swiss"]
[EventCountry "POL"]
[Tiebreak "Cut1 Buchholz"]
[SourceTitle "playchess.com"]
[Source "ChessBase"]
[SourceQuality "1"]

1. c4 Nf6 2. Nc3 d5 3. cxd5 Nxd5 4. e4 Nxc3 5. bxc3 g6 6. Nf3 Bg7 7. Bc4 c5 8.
Rb1 O-O 9. h4 h5 10. Ng5 Nc6 11. f4 Bg4 12. Qc2 e5 13. Rxb7 Bd7 14. Qd3 Be8 15.
Qf3 Na5 16. Bd5 Nxb7 17. Bxb7 Rb8 18. Bd5 exf4 19. Qxf4 Qf6 20. Qxb8 Bc6 21.
Qg3 Bxd5 22. exd5 Re8+ 23. Kd1 Qa6 24. c4 Qxa2 25. Qa3 Qxc4 26. Re1 Rxe1+ 27.
Kxe1 Qxd5 28. Nf3 Qe4+ 29. Kf1 Qc4+ 30. Kg1 a6 31. Bb2 Bxb2 32. Qxb2 Qb4 33.
Qf6 a5 34. Kh2 a4 35. Ne5 Qb7 36. Qd8+ Kg7 37. Nd7 Kh7 1-0

[Event "FIDE Women World Blitz 2021"]
[Site "Warsaw"]
[Date "2021.12.30"]
[Round "17.31"]
[White "Kubicka, Anna"]
[Black "Bulmaga, Irina"]
[Result "1-0"]
[WhiteElo "2273"]
[BlackElo "2405"]
[Annotator "NA"]
[PlyCount "169"]
[EventDate "2021.12.29"]
[EventType "swiss"]
[EventCountry "POL"]
[Tiebreak "Cut1 Buchholz"]
[SourceTitle "playchess.com"]
[Source "ChessBase"]
[SourceQuality "1"]

1. e4 d5 2. exd5 Qxd5 3. Nc3 Qd6 4. g3 Nf6 5. Bg2 g6 6. Nge2 Bg7 7. d4 a6 8.
Bf4 Qd8 9. Qd2 c6 10. Bh6 Bxh6 11. Qxh6 Bf5 12. O-O-O Qc8 13. h3 b5 14. g4 Be6
15. Kb1 Nbd7 16. Nf4 Nb6 17. Nxe6 Qxe6 18. Rhe1 Qd7 19. Qg7 O-O-O 20. Qxf7 Rhe8
21. Qe6 Kc7 22. Qe5+ Qd6 23. a3 Nbd5 24. Nxd5+ Nxd5 25. Bxd5 cxd5 26. f4 Qxe5
27. Rxe5 Rd7 28. Rde1 Rf8 29. f5 gxf5 30. gxf5 Rf7 31. Ka2 Rf6 32. Kb3 Rh6 33.
c3 Rxh3 34. Rxe7 Rf3 35. R1e5 Rf2 36. Rxd7+ Kxd7 37. Rxd5+ Kc6 38. Rc5+ Kb6 39.
Re5 a5 40. Re6+ Kc7 41. Re7+ Kc6 42. Rxh7 a4+ 43. Ka2 Rxf5 44. Rh6+ Kc7 45. Kb1
Rf1+ 46. Kc2 Rf2+ 47. Kb1 Rf1+ 48. Ka2 Rf2 49. Rg6 Re2 50. Ra6 Kb7 51. Rd6 Kc7
52. Rf6 Rg2 53. Rf5 Kc6 54. Rc5+ Kb6 55. c4 bxc4 56. Rxc4 Kb5 57. Rb4+ Ka5 58.
Kb1 Rf2 59. Kc1 Rh2 60. Rb8 Rh4 61. Rd8 Rh1+ 62. Kc2 Rh2+ 63. Kc3 Rh3+ 64. Kc4
Rh2 65. Rb8 Rh4 66. Kc5 Ka6 67. d5 Rh2 68. Rb4 Rc2+ 69. Kd6 Rh2 70. Rxa4+ Kb7
71. Rb4+ Kc8 72. a4 Rh1 73. a5 Ra1 74. Rb5 Rh1 75. b4 Rh4 76. Rb6 Rh6+ 77. Kc5
Rh1 78. a6 Rc1+ 79. Kd6 Ra1 80. b5 Rh1 81. a7 Rh6+ 82. Kc5 Rxb6 83. Kxb6 Kd7
84. a8=Q Kd6 85. Qc6+ 1-0

[Event "FIDE Women World Blitz 2021"]
[Site "Warsaw"]
[Date "2021.12.30"]
[Round "17.32"]
[White "Lach, Aleksandra"]
[Black "Beydullayeva, Govhar"]
[Result "0-1"]
[WhiteElo "2204"]
[BlackElo "2278"]
[Annotator "NA"]
[PlyCount "98"]
[EventDate "2021.12.29"]
[EventType "swiss"]
[EventCountry "POL"]
[Tiebreak "Cut1 Buchholz"]
[SourceTitle "playchess.com"]
[Source "ChessBase"]
[SourceQuality "1"]

1. e4 c5 2. Nc3 d6 3. d4 cxd4 4. Qxd4 a6 5. b3 Nc6 6. Qd2 g6 7. Bb2 Bh6 8. f4
e5 9. Nge2 Nf6 10. O-O-O Nd4 11. Kb1 Bg4 12. g3 O-O 13. Nxd4 Bxd1 14. Qxd1 exd4
15. Qxd4 Bg7 16. Nd5 Ne8 17. Qd2 Bxb2 18. Kxb2 Nf6 19. Bg2 Nxd5 20. Qxd5 Qc7
21. Rd1 Rac8 22. c4 Rfd8 23. f5 Qc5 24. fxg6 hxg6 25. Kb1 Qxd5 26. Rxd5 Rc5 27.
Rd3 Re5 28. g4 g5 29. Kc2 Kg7 30. Kc3 b6 31. Kd4 Rh8 32. h3 Rhe8 33. Kc3 R8e6
34. a3 Rf6 35. Rd2 Ree6 36. b4 Rf4 37. Kd4 Ref6 38. Ke3 Re6 39. Bf3 Rff6 40.
Be2 Rh6 41. Bf1 Re5 42. Rd5 Rxd5 43. cxd5 b5 44. a4 bxa4 45. Bxa6 a3 46. Bc4
Rxh3+ 47. Kd4 Rh2 48. e5 dxe5+ 49. Kxe5 a2 0-1

[Event "FIDE Women World Blitz 2021"]
[Site "Warsaw"]
[Date "2021.12.30"]
[Round "17.33"]
[White "Szczotka, Klara"]
[Black "Garcia Martin, Marta"]
[Result "1-0"]
[WhiteElo "1584"]
[BlackElo "2194"]
[Annotator "NA"]
[PlyCount "113"]
[EventDate "2021.12.29"]
[EventType "swiss"]
[EventCountry "POL"]
[Tiebreak "Cut1 Buchholz"]
[SourceTitle "playchess.com"]
[Source "ChessBase"]
[SourceQuality "1"]

1. d4 d5 2. c4 e6 3. cxd5 exd5 4. Nc3 c6 5. Nf3 Bf5 6. Bf4 Bd6 7. Bg3 Nf6 8. e3
O-O 9. Bd3 Ne4 10. Bxe4 dxe4 11. Nh4 Be6 12. Nxe4 Bb4+ 13. Nd2 Bc4 14. a3 Bxd2+
15. Qxd2 Nd7 16. Qc2 Bb5 17. f3 Rc8 18. Kf2 c5 19. d5 c4 20. Nf5 Nc5 21. Nd6
Nd3+ 22. Ke2 Rc5 23. Nxb5 Rxb5 24. Qxc4 Qxd5 25. Qxd5 Rxd5 26. e4 Rd7 27. Rab1
Rc8 28. Rhd1 Rcd8 29. Ke3 f6 30. Rd2 Nc5 31. Rxd7 Rxd7 32. b4 Na4 33. Rb3 Rd1
34. Rd3 Ra1 35. Bd6 Ra2 36. Rd2 Rxa3+ 37. Rd3 Ra2 38. Rd2 Ra1 39. h4 Kf7 40.
Bc5 b6 41. Bd4 Ra3+ 42. Rd3 Ra2 43. Rd2 Ra3+ 44. Rd3 Ra2 45. Rd2 Rxd2 46. Kxd2
a6 47. Kc2 b5 48. Kd3 h5 49. g4 Kg6 50. Ke3 Kh6 51. Kf4 Kg6 52. e5 fxe5+ 53.
Kxe5 hxg4 54. fxg4 Kf7 55. Kf5 Kg8 56. Kg6 Kf8 57. h5 1-0

[Event "FIDE Women World Blitz 2021"]
[Site "Warsaw"]
[Date "2021.12.30"]
[Round "17.34"]
[White "Rakhmangulova, Anastasiya"]
[Black "Antolak, Julia"]
[Result "1-0"]
[WhiteElo "2174"]
[BlackElo "2334"]
[Annotator "NA"]
[PlyCount "93"]
[EventDate "2021.12.29"]
[EventType "swiss"]
[EventCountry "POL"]
[Tiebreak "Cut1 Buchholz"]
[SourceTitle "playchess.com"]
[Source "ChessBase"]
[SourceQuality "1"]

1. e4 c5 2. Nc3 e6 3. g3 Nc6 4. Bg2 Be7 5. Nge2 Nf6 6. O-O d6 7. d4 cxd4 8.
Nxd4 O-O 9. Nde2 a6 10. a4 Qc7 11. b3 b6 12. Bb2 Bb7 13. Qd2 Rac8 14. h3 Rfd8
15. g4 d5 16. exd5 Nb4 17. Rac1 Nfxd5 18. Nxd5 Bxd5 19. Bxd5 Rxd5 20. Qf4 Qxf4
21. Nxf4 Rd2 22. Ba3 Rcxc2 23. Rxc2 Rxc2 24. Rd1 h6 25. Rd7 Bc5 26. Bxb4 Bxb4
27. Nd3 Rd2 28. Kg2 f6 29. Kf3 Rd1 30. Ke2 Rb1 31. Nxb4 Rxb3 32. Nxa6 e5 33.
Nc7 Rxh3 34. Ne6 Ra3 35. Rxg7+ Kh8 36. Rg6 Kh7 37. Rxf6 Rxa4 38. f3 b5 39. Rf7+
Kg8 40. Rb7 b4 41. Nc5 Ra2+ 42. Ke3 Rb2 43. Nd3 Rb3 44. Rxb4 Rxb4 45. Nxb4 Kf7
46. Ke4 Ke6 47. Nd3 1-0

[Event "FIDE Women World Blitz 2021"]
[Site "Warsaw"]
[Date "2021.12.30"]
[Round "17.35"]
[White "Serikbay, Assel"]
[Black "Zawadzka, Jolanta"]
[Result "1/2-1/2"]
[WhiteElo "2237"]
[BlackElo "2429"]
[Annotator "NA"]
[PlyCount "122"]
[EventDate "2021.12.29"]
[EventType "swiss"]
[EventCountry "POL"]
[Tiebreak "Cut1 Buchholz"]
[SourceTitle "playchess.com"]
[Source "ChessBase"]
[SourceQuality "1"]

1. d4 d5 2. Nf3 Nf6 3. c4 e6 4. Nc3 a6 5. cxd5 exd5 6. Bg5 Be6 7. e3 h6 8. Bh4
Nbd7 9. Bd3 Bd6 10. O-O c6 11. Rc1 Qc7 12. Bb1 Bg4 13. Bg3 Bxg3 14. hxg3 O-O
15. Qd3 g6 16. Nh4 Kh8 17. Nxg6+ fxg6 18. Qxg6 Nb6 19. Qxh6+ Kg8 20. f3 Be6 21.
g4 Qg7 22. Qh4 Kf7 23. g5 Nfd7 24. g6+ Ke8 25. f4 Rh8 26. Qg5 Qf6 27. Qg3 Ke7
28. f5 Bg8 29. e4 Qxd4+ 30. Rf2 Qe5 31. f6+ Kd6 32. Qxe5+ Nxe5 33. f7 Bxf7 34.
gxf7 d4 35. Ne2 d3 36. Nf4 Raf8 37. Nxd3 Nxf7 38. Rcf1 Ke7 39. Nc5 Nd6 40. e5
Ndc4 41. Nxb7 Rxf2 42. Rxf2 Nd5 43. b3 Nxe5 44. Nc5 Ng4 45. Re2+ Kd6 46. Ne4+
Kc7 47. g3 Re8 48. Bd3 Nb4 49. Bc4 Nxa2 50. Rxa2 Rxe4 51. Rxa6 Rd4 52. Ra7+ Kd6
53. Rf7 Rd1+ 54. Kg2 Ne3+ 55. Kf2 Nxc4 56. bxc4 Rc1 57. Rf4 Kc5 58. g4 Rxc4 59.
Rxc4+ Kxc4 60. Ke3 Kd5 61. Kd3 Ke5 1/2-1/2

[Event "FIDE Women World Blitz 2021"]
[Site "Warsaw"]
[Date "2021.12.30"]
[Round "17.36"]
[White "Kurmangaliyeva, Liya"]
[Black "Sliwicka, Alicja"]
[Result "1-0"]
[WhiteElo "2222"]
[BlackElo "2303"]
[Annotator "NA"]
[PlyCount "157"]
[EventDate "2021.12.29"]
[EventType "swiss"]
[EventCountry "POL"]
[Tiebreak "Cut1 Buchholz"]
[SourceTitle "playchess.com"]
[Source "ChessBase"]
[SourceQuality "1"]

1. d4 Nf6 2. c4 c5 3. Nf3 cxd4 4. Nxd4 e5 5. Nb5 d5 6. cxd5 Bc5 7. e3 O-O 8.
N5c3 e4 9. Be2 Bf5 10. O-O Nbd7 11. Nd2 Nb6 12. Nb3 Bd6 13. Nd4 Bg6 14. b3 Be5
15. Ba3 Re8 16. d6 a6 17. Qd2 Nc8 18. Rfd1 Nxd6 19. Rac1 Qd7 20. Na4 Rad8 21.
Nb6 Qe7 22. Qa5 Nd7 23. Nc4 Nxc4 24. Rxc4 Qh4 25. g3 Qf6 26. Nc2 Nb8 27. Rxd8
Rxd8 28. Nd4 b5 29. Rc1 Bxd4 30. exd4 e3 31. fxe3 Be4 32. Qe1 h5 33. Qf2 Qe6
34. Rc5 g6 35. Re5 Qc6 36. Re7 Qd5 37. Re5 Qc6 38. Bc5 Nd7 39. Re7 Nf6 40. Qf4
Bd5 41. Rc7 Qe6 42. Re7 Qh3 43. Bf1 Qf5 44. Qxf5 gxf5 45. Ra7 Ne4 46. Rxa6 Rc8
47. b4 Nd2 48. Bd3 Kg7 49. Kf2 h4 50. gxh4 Rh8 51. Kg3 Nc4 52. Bxc4 bxc4 53.
Bd6 c3 54. Be5+ Kh7 55. Ra7 Rc8 56. Bf4 c2 57. e4 fxe4 58. Bc1 Kg6 59. Kf4 Rc3
60. Ra6+ Kg7 61. Ra3 Rc4 62. Rg3+ Kh7 63. Ke5 Bb7 64. a3 Rc8 65. Kf4 Rd8 66.
Ke3 f5 67. Rg5 Rf8 68. Kf4 Ba6 69. Rg2 Bd3 70. a4 Rb8 71. b5 Ra8 72. Rg5 Rxa4
73. Rxf5 e3 74. Rh5+ Kg6 75. Rg5+ Kh6 76. Kxe3 Bh7 77. Kd2 Rxd4+ 78. Kc3 Rd8
79. Rd5+ 1-0

[Event "FIDE Women World Blitz 2021"]
[Site "Warsaw"]
[Date "2021.12.30"]
[Round "17.37"]
[White "Dylag, Emilia"]
[Black "Yakimova, Mariya"]
[Result "0-1"]
[WhiteElo "1863"]
[BlackElo "2219"]
[Annotator "NA"]
[PlyCount "62"]
[EventDate "2021.12.29"]
[EventType "swiss"]
[EventCountry "POL"]
[Tiebreak "Cut1 Buchholz"]
[SourceTitle "playchess.com"]
[Source "ChessBase"]
[SourceQuality "1"]

1. d4 Nf6 2. c4 g6 3. Nf3 Bg7 4. g3 O-O 5. Bg2 d6 6. O-O Nc6 7. Nc3 a6 8. d5
Na5 9. Nd2 c5 10. Rb1 Rb8 11. Qc2 b5 12. b3 e5 13. Bb2 Nh5 14. e4 f5 15. f3 Bh6
16. Rbe1 Bxd2 17. Qxd2 bxc4 18. f4 cxb3 19. axb3 Rxb3 20. Ba1 exf4 21. gxf4 Bd7
22. e5 Nc4 23. Qc2 Qb6 24. e6 Be8 25. Qe2 Nb2 26. e7 Rf7 27. Bxb2 Rxb2 28. Qe6
Ng7 29. Qc8 Qa7 30. Rb1 Rxb1 31. Rxb1 Qxe7 0-1

[Event "FIDE Women World Blitz 2021"]
[Site "Warsaw"]
[Date "2021.12.30"]
[Round "17.38"]
[White "Malicka, Maria"]
[Black "Efroimski, Marsel"]
[Result "0-1"]
[WhiteElo "2307"]
[BlackElo "2419"]
[Annotator "NA"]
[PlyCount "184"]
[EventDate "2021.12.29"]
[EventType "swiss"]
[EventCountry "POL"]
[Tiebreak "Cut1 Buchholz"]
[SourceTitle "playchess.com"]
[Source "ChessBase"]
[SourceQuality "1"]

1. e4 c5 2. Nf3 d6 3. d4 cxd4 4. Nxd4 Nf6 5. Nc3 Nc6 6. f3 e5 7. Nb3 Be7 8. Be3
Be6 9. Qe2 O-O 10. O-O-O Qc8 11. g4 a5 12. g5 Nd7 13. Qb5 Nb4 14. Nxa5 Nxa2+
15. Nxa2 Bxa2 16. Nxb7 Be6 17. Na5 Nb8 18. Kb1 Bd7 19. Qd5 Nc6 20. Nxc6 Bxc6
21. Qd2 Qb7 22. Bc4 Bb5 23. Bxb5 Qxb5 24. Qd3 Qa4 25. c3 Rfb8 26. Kc1 Qa1+ 27.
Kd2 Qxb2+ 28. Qc2 Qb7 29. Rb1 Qd7 30. Rxb8+ Rxb8 31. Rb1 Rc8 32. Qd3 Qh3 33.
Qe2 Qe6 34. Qd3 g6 35. Rb7 Bf8 36. Qd5 Qe8 37. Ra7 Rb8 38. h4 Rb2+ 39. Kc1 Rb8
40. Kc2 Rb5 41. Ra8 Rb8 42. Rxb8 Qxb8 43. Qb3 Qc8 44. c4 Qh3 45. Bd2 Qxh4 46.
Qe3 Qg3 47. Qd3 Qf2 48. Kc3 Qc5 49. Kc2 Qc6 50. Qd5 Qa4+ 51. Kd3 Qd1 52. Qa8
Qxf3+ 53. Be3 Qd1+ 54. Kc3 Qe1+ 55. Kd3 Qf1+ 56. Kc3 Qe2 57. Qa7 Qe1+ 58. Kd3
Qb1+ 59. Ke2 Qxe4 60. Qd7 Qxc4+ 61. Kf2 Qe4 62. Qe8 Qf5+ 63. Ke2 Qe6 64. Qa8
Qc4+ 65. Kf2 d5 66. Qe8 d4 67. Bd2 Qc5 68. Kf3 Qd5+ 69. Ke2 Qe4+ 70. Kd1 Qb1+
71. Ke2 e4 72. Ba5 Qd3+ 73. Ke1 Qe3+ 74. Kd1 Qb3+ 75. Ke1 e3 76. Bd8 Qb1+ 77.
Ke2 Qc2+ 78. Kf3 Qf5+ 79. Ke2 Qc2+ 80. Kf3 Qf5+ 81. Ke2 Qc5 82. Bf6 Qc4+ 83.
Kf3 Qd5+ 84. Ke2 Qd6 85. Qe4 Qh2+ 86. Kd3 Qd2+ 87. Kc4 e2 88. Bxd4 e1=Q 89. Qd5
Qc2+ 90. Kb5 Qe8+ 91. Kb6 Qb1+ 92. Kc7 Qbb8# 0-1